Faculty of Law Library — Cairo University

Official Online Catalog

The consequences of mandatory minimum prison terms : (Record no. 54553)

MARC details
000 -LEADER
fixed length control field 01304cac a2200349 i 4500
003 - CONTROL NUMBER IDENTIFIER
control field EG-GICUC
005 - DATE AND TIME OF LATEST TRANSACTION
control field 20260121101647.0
008 - FIXED-LENGTH DATA ELEMENTS--GENERAL INFORMATION
fixed length control field 940713s1994 dcua frbs f000 0 eng d
040 ## - CATALOGING SOURCE
Original cataloging agency DGPO/DLC
Transcribing agency DGPO
Modifying agency DLC
-- EG-GICUC
Language of cataloging eng
Description conventions rda
043 ## - GEOGRAPHIC AREA CODE
Geographic area code n-us---
050 00 - LIBRARY OF CONGRESS CALL NUMBER
Classification number HV8708
Item number .V56 1994
082 04 - DEWEY DECIMAL CLASSIFICATION NUMBER
Edition number 21
Classification number 343.766
092 04 - LOCALLY ASSIGNED DEWEY CALL NUMBER (OCLC)
Edition number 21
099 ## - LOCAL FREE-TEXT CALL NUMBER (OCLC)
Classification number Law 10 1994
100 1# - MAIN ENTRY--PERSONAL NAME
Personal name Vincent, Barbara S.
245 14 - TITLE STATEMENT
Title The consequences of mandatory minimum prison terms :
Remainder of title a summary of recent findings /
Statement of responsibility, etc. Barbara S. Vincent, Paul J. Hofer.
264 ## - PRODUCTION, PUBLICATION, DISTRIBUTION, MANUFACTURE, AND COPYRIGHT NOTICE
Place of production, publication, distribution, manufacture Washington, DC (One Columbus Circle, N.E., Washington 20002-8003) :
Name of producer, publisher, distributor, manufacturer Federal Judicial Center,
Date of production, publication, distribution, manufacture, or copyright notice 1994.
300 ## - PHYSICAL DESCRIPTION
Extent iii, 35 pages :
Other physical details illustrations ;
Dimensions 28 cm.
336 ## - CONTENT TYPE
Content type term text
Content type code txt
Source rdacontent
337 ## - MEDIA TYPE
Media type term Computer
Media type code n
Source rdamedia
338 ## - CARRIER TYPE
Carrier type term Online Resource
Carrier type code nc
Source rdacarrier
500 ## - GENERAL NOTE
General note Shipping list no.: 94-0211-P.
504 ## - BIBLIOGRAPHY, ETC. NOTE
Bibliography, etc. note Includes bibliographical references.
650 #0 - SUBJECT ADDED ENTRY--TOPICAL TERM
Topical term or geographic name entry element Mandatory sentences
Geographic subdivision United States
General subdivision Statistics.
650 #0 - SUBJECT ADDED ENTRY--TOPICAL TERM
Topical term or geographic name entry element Prison sentences
Geographic subdivision United States
General subdivision Statistics.
650 #0 - SUBJECT ADDED ENTRY--TOPICAL TERM
Topical term or geographic name entry element Prisoners
General subdivision Legal status, laws, etc.
Geographic subdivision United States.
700 1# - ADDED ENTRY--PERSONAL NAME
Personal name Hofer, Paul J.
710 2# - ADDED ENTRY--CORPORATE NAME
Corporate name or jurisdiction name as entry element Federal Judicial Center.
856 40 - ELECTRONIC LOCATION AND ACCESS
Uniform Resource Identifier <a href="https://fll.law.cu.edu.eg/fulltext/bks/ENGB10-00150.pdf">https://fll.law.cu.edu.eg/fulltext/bks/ENGB10-00150.pdf</a>
905 ## - Cataloger and Reviser Names
Cataloger Name: Hend El khosy
942 ## - ADDED ENTRY ELEMENTS (KOHA)
Source of classification or shelving scheme Dewey Decimal Classification
Koha item type Books
Edition 21
Suppress in OPAC No
Holdings
Withdrawn status Lost status Source of classification or shelving scheme Damaged status Not for loan Collection Home library Current library Date acquired Total checkouts Full call number Barcode Date last seen Copy number Price effective from Koha item type Public note
    Dewey Decimal Classification     القانون الجنائي جــــامعة القــاهرة مكتبة كلية الحقوق - فـرع الشيخ زايد 05.01.2026   Law2 10 343.766 VI . C 1994 1000150 C1 ENGB10-00150 05.01.2026 1 05.01.2026 Books 1935

© All rights reserved — Faculty of Law, Cairo University